Word Ladder: Swimming at the Olympics Quiz Stats

Quiz Updated Aug 3, 2016

Challenge
Share
Tweet
Embed
Score 0/28 Timer 04:00
0 Plays Today
Clue 4-Letter Word % Correct
★ Location for Olympic swimming events ★★POOL★
98.9%
★ Top Olympic medal ★★GOLD★
97.8%
A survey of public opinionPOLL
95%
Fee for riding a turnpikeTOLL
94.2%
Relayed a storyTOLD
94.2%
Place to keep your savingsBANK
90.2%
★ Place where the slowest swimmer finishes ★★LAST★
89.7%
★ Section of [First Rung] swimmer must be in ★★LANE★
88.8%
★ Word preceding 'stroke' in a swim style ★★BACK★
88.7%
Cranium, clavicle, or mandible, e.g.BONE
87.8%
★ A set of swimmers for a country ★★TEAM★
87.3%
Greatest or most accomplishedBEST
87%
Isolated or autonomousLONE
86.6%
Forcefully rip apartTEAR
86.6%
Clue 4-Letter Word % Correct
To be afraid ofFEAR
86.3%
Covalent connection between atomsBOND
85.7%
Tempo or rhythmic stress in musicBEAT
85.7%
Saint Paul: 'Take heed ___ you fall'LEST
85.4%
Lean or slenderLANK
85%
A major achievementFEAT
84.6%
★ Individual competition a swimming event ★★RACE★
84.6%
A prior timePAST
84.2%
Ancient stretching torture deviceRACK
83.6%
Rate of movementPACE
83.6%
A formal agreement between nationsPACT
82.9%
Righteous or kind in spiritGOOD
81.2%
Affectionate or lovingFOND
80.1%
Consumable energyFOOD
78.3%

Today's Daily Dose

Missing Word
Fruity Song Titles

Quick Pick
Double Blanks

On This Day
June 22nd II

You're not logged in!

Compare scores with friends on all Sporcle quizzes.
Join for Free
OR
Log In

You Might Also Like...

Show Comments

Extras

Top Quizzes Today


Score Distribution

Your Account Isn't Verified!

In order to create a playlist on Sporcle, you need to verify the email address you used during registration. Go to your Sporcle Settings to finish the process.

Report this User

Report this user for behavior that violates our Community Guidelines.

Details: